| 000 | 01803 a2200289 4500 | ||
|---|---|---|---|
| 001 | 98 | ||
| 005 | 20260407155410.0 | ||
| 008 | 260407a2002 arg spa d | ||
| 003 | AR-UNSa-BCEJYS | ||
| 040 |
_aAR-UNSa-BCEJYS _bspa _cAR-UNSa-BCEJYS |
||
| 080 |
_a336.1 _xFinanzas Públicas. Finanzas del gobierno en general |
||
| 245 | 1 | 0 | _aHacienda pública |
| 020 | _a978-84-481-2842-5 | ||
| 250 | _a5a. ed | ||
| 264 | 1 |
_aMadrid : _bMcGraw-Hill _c2002 |
|
| 300 |
_a556 p. _c25 cm |
||
| 505 | _a1. Hacienda pública y actitudes con respecto al Estado - 2. Una primera aproximación al sector público - 3. las herramientas del análisis positivo - 4. Las herramientas del análisis normativo - 5. Bienes públicos - 6. Externalidades - 7. Teoría económica de la política - 8. Redistribución de la renta: aspectos conceptuales - 9. Programas de gasto para combatir la pobreza - 10. Seguros sociales I:la seguridad social y el seguro de desempleo - 11. Seguros sociales II:sanidad - 12. El análisis coste benefico - 13. Imposición y distribución dela renta - 14. Imposición y eficiencia - 15.Imposición eficiente y equitativa - 16. El impuesto personal sobre la renta - 17. La imposición personal y el comportamiento - 18. El impuesto de las sociedades - 19. La financiación a través del déficit - 20. Los impuestos sobre el consumo y la riqueza - 21. La hacienda pública en un sistema federal. | ||
| 942 | _cBK | ||
| 590 | _aniveau_biblio:m niveau_hierar:0 | ||
| 100 | 1 | _aRuiz - Huerta, Jesús | |
| 700 | 1 | _aRosen, Harvey S. | |
| 700 | 1 | _aLoscos, Javier | |
| 700 | 1 | _aDíaz de Sarralde, Santiago | |
| 700 | 1 | _aTrinidad, Gloria | |
| 700 | 1 | _aVizán, Carmen | |
| 856 | 4 | 1 |
_uhttps://biblioeco.unsa.edu.ar/pmb/images/libros/Hacienda publica-l116710.jpg _yImagen de portada _qimage/jpeg |
| 999 |
_c74 _d74 |
||